000 00754nam a22002537a 4500
003 OSt
005 20220106111033.0
008 220106b1973 sp ||||gr|||| 00| d spa d
020 _a8402033377
040 _aCO-JMCR
_cCO-JMCR
041 0 _aspa
082 0 4 _aT /
_bROJc
_223
100 1 _aRojas, Fernando de,
_eautor
_941848
245 1 3 _aLa celestina /
_cFernando de Rojas
250 _a1a. Edición
260 _aBarcelona :
_bEditorial Bruguera. S.A.,
_c1973.
300 _a332 páginas ;
_c20 cm.
490 0 _aObras inmortales
504 _aBibliografía: páginas 52-55
650 1 4 _aTeatro español
_ySiglo XX
_941849
650 2 4 _aLiteratura española
_ySiglo XX
_98517
650 2 4 _aBrujería en la literatura
_941850
942 _2ddc
_cBK
999 _c15653
_d15653